THE OATHS ACT 1969 (Record no. 22979)

MARC details
000 -LEADER
fixed length control field 00239nam a22001217a 4500
003 - CONTROL NUMBER IDENTIFIER
control field SGT
082 ## - DEWEY DECIMAL CLASSIFICATION NUMBER
Classification number 348
Item number BAR
100 ## - MAIN ENTRY--PERSONAL NAME
Personal name BARE ACT
245 ## - TITLE STATEMENT
Title THE OATHS ACT 1969
260 ## - PUBLICATION, DISTRIBUTION, ETC. (IMPRINT)
Place of publication, distribution, etc GURGAON
Name of publisher, distributor, etc UNIVERSAL
Year of Publication 2022
300 ## - PAGE DESCRIPTION
No. of Pages 6
942 ## - ADDED ENTRY ELEMENTS (KOHA)
Source of classification or shelving scheme Dewey Decimal Classification
Koha item type Books
Holdings
Withdrawn status Lost status Source of classification or shelving scheme Damaged status Not for loan Collection code Home library Current library Shelving location Date acquired Vendor Name Cost, normal purchase price SGTU Bill Number Total Checkouts Full call number Accession No. (Barcode) Date last seen Bill Date Koha item type
    Dewey Decimal Classification     LAW SGT Science & Social Sciences Library SGT Science & Social Sciences Library Text Book 08/07/2022 AHUJA BOOK COMPANY 50.00 SGTU 14697   348 BAR FLBA259 08/07/2022 30/06/2022 Books
    Dewey Decimal Classification     LAW SGT Science & Social Sciences Library SGT Science & Social Sciences Library Text Book 08/07/2022 AHUJA BOOK COMPANY 50.00 SGTU 14697   348 BAR FLBA260 08/07/2022 30/06/2022 Books